EPIC The Musical : Full Speed Ahead - Statistiques

Statistiques générales
  • Ce quiz a été pris 39 fois
  • Le résultat moyen est 318 sur 339
Statistiques - réponses
Hint Réponse % Correct
a
100%
| Odysseus ahead
100%
an
100%
| Odysseus And
100%
and
100%
and-
100%
birds
100%
But
100%
but
100%
Eurylochus | Polites Captain!
100%
captain
100%
Crew Captain
100%
command
100%
Crew Eurylochus!
100%
fly
100%
food
100%
food,
100%
for
100%
full
100%
| Crew | Odysseus | Odysseus & Crew Full
100%
go
100%
hundred
100%
| Eurylochus I
100%
in
100%
is
100%
it
100%
| Crew Ithaca's
100%
me
100%
men
100%
men,
100%
my
100%
| Odysseus My
100%
no
100%
Odysseus No
100%
our
100%
plan
100%
see
100%
| Crew | Eurylochus | Odysseus Six
100%
six
100%
So
100%
speed
100%
the
100%
Crew The
100%
| Odysseus There
100%
Crew | Odysseus They
100%
to
100%
under
100%
up,
100%
up
100%
us
100%
waiting
100%
we
100%
| Eurylochus | Odysseus We
100%
what
100%
what's
100%
where
100%
| Polites You
100%
distance
96%
don't
96%
fire
96%
homeland
96%
island,
96%
kingdom
96%
mind
96%
not
96%
one
96%
only
96%
Odysseus Polites!
96%
Polites
96%
smoke
96%
some
96%
Crew | Odysseus Watch
96%
With
96%
with
96%
back
93%
between
93%
can
93%
eat
93%
goal
93%
have
93%
if
93%
I'll
93%
know
93%
land
93%
light
93%
Polites Look!
93%
Crew Make
93%
make
93%
Odysseus Penelope's
93%
place
93%
return
93%
second
93%
Odysseus Something
93%
this
93%
will
93%
burn
89%
feed
89%
first
89%
gear
89%
Odysseus Give
89%
Crew It's
89%
mouths
89%
| Crew Now
89%
out
89%
problem's
89%
sea
89%
strike
89%
sunrise
89%
Then
89%
time
89%
who
89%
alive
86%
big
86%
dead
86%
lead
86%
Maybe
86%
miles
86%
of
86%
open
86%
run
86%
say
86%
share
86%
there's
86%
'til
86%
way
86%
| Crew | Odysseus We're
86%
we're
86%
here
82%
knows
82%
lies
82%
war,
82%
ends
79%
let's
79%
off,
79%
off
79%
people,
79%
reasons
79%
supplies
79%
take
79%
they'll
79%
away
75%
feels
75%
find
75%
glows
75%
hunt
75%
lighting
75%
should
75%
that
75%
whole
75%
we'll
71%
we've
71%
faintly
68%
try
68%
they're
64%
waste
61%
raid
54%
Crew Curse
46%
stores
36%
depleted
32%
Aucun quiz correspondant
Distribution des résultats
% des personnes avec chaque résultat
Percentile par nombre de réponses
Votre historique - résultats
Vous n’avez pas pris ce quiz